000 00569cam a2200181 4500500
005 20260405002421.0
041 _afre
042 _adc
100 1 0 _aLacroix, Samuel
_eauthor
245 0 0 _aSchopenhauer / “Le Monde comme volonté et représentation”
260 _c2017.
500 _a38
690 _aRésumé
690 _aSchopenhauer
690 _aSprint
786 0 _nPhilosophie magazine | 108 | 4 | 2017-04-01 | p. 47-47 | 1951-1787
856 4 1 _uhttps://shs.cairn.info/magazine-philosophie-magazine-2017-4-page-47?lang=fr&redirect-ssocas=7080
999 _c2057479
_d2057479